Long Island towns by hint - Statistics

General Stats
  • This quiz has been taken 109 times
  • The average score is 7 of 15
Answer Stats
Hint Answer % Correct
First post war suburb designed by Bill Levitt Levittown
89%
Eastern most town on the South Fork Montauk
89%
Beach town that shares a name with a city in California Long Beach
84%
Home to UBS arena Elmont
65%
Town based on "East Egg" from the Great Gatsby Port Washington | Sands Point
49%
Town based on "West Egg" from the Great Gatsby Great Neck | Kings Point
47%
Final LIRR stop on the North Fork Greenport
38%
County seat of Nassau County Mineola
33%
Location for the Long Island Ferry Orient Point
31%
The town seat of North Hempstead Manhasset
27%
Location of Long Island University Brookville
26%
Town that shares a name with a neighborhood in Queens Floral Park
24%
Named after a historical region in Czechia Bohemia
20%
Named after a historical region in Belgium Flanders
20%
Home to Camp Siegfried; An American Nazi camp in the 1940s Yaphank
20%
No matching quizzes found
Score Distribution
Percent of People with Each Score
Percentile by Number Answered
Your Score History
You have not taken this quiz